Loading...
| History - World | 0 | 6 | 1 | 2 | 55 | 64 | 106.50 | 1 | 2 |
| History - European | 0 | 6 | 1 | 0 | 55 | 70 | 95.33 | 2 | 5 |
| History - Other | 0 | 5 | 1 | 1 | 45 | 42 | 89.60 | 1 | 2 |
| Mythology - Greco/Roman | 0 | 4 | 0 | 2 | 40 | 70 | 106.50 | 2 | 2 |
| History - American | 0 | 4 | 2 | 0 | 30 | 70 | 92.50 | 0 | 1 |
| Religion - Hinduism | 0 | 3 | 0 | 1 | 30 | 89 | 107.00 | 0 | 0 |
| Mythology - Mixed/Any | 0 | 1 | 0 | 0 | 10 | 117 | 117.00 | 0 | 0 |
| Philosophy - Medieval | 0 | 1 | 0 | 1 | 10 | 122 | 122.00 | 0 | 0 |
| Social Science - Psychology | 0 | 1 | 0 | 0 | 10 | 112 | 112.00 | 0 | 0 |
| Literature - American any | 0 | 1 | 0 | 0 | 10 | 146 | 146.00 | 0 | 0 |
| Literature - American drama | 0 | 1 | 0 | 1 | 10 | 148 | 148.00 | 0 | 0 |
| Literature - World/Misc drama | 0 | 1 | 0 | 1 | 10 | 138 | 138.00 | 0 | 0 |
| Mythology - Americas | 0 | 1 | 0 | 0 | 10 | 122 | 122.00 | 0 | 0 |
| Mythology - East Asia | 0 | 1 | 0 | 0 | 10 | 129 | 129.00 | 0 | 1 |
| Science - Other | 0 | 1 | 0 | 0 | 10 | 93 | 93.00 | 0 | 0 |
| Social Science - Linguistics | 0 | 1 | 0 | 0 | 10 | 92 | 92.00 | 0 | 0 |
| Social Science - Mixed/Any | 0 | 1 | 0 | 0 | 10 | 129 | 129.00 | 0 | 0 |
| Art - Painting/Sculpture | 0 | 1 | 0 | 1 | 10 | 155 | 155.00 | 0 | 0 |
| Science - Biology | 0 | 2 | 2 | 2 | 10 | 116 | 121.00 | 0 | 0 |
| Religion - Islam | 0 | 1 | 1 | 0 | 5 | 126 | 126.00 | 0 | 1 |
| Religion - Mixed/Any | 0 | 0 | 1 | 0 | -5 | 0.00 | 0 | 0 | |
| Social Science - IR | 0 | 0 | 1 | 0 | -5 | 0.00 | 0 | 0 | |
| Science - Chemistry | 0 | 1 | 4 | 1 | -10 | 127 | 127.00 | 0 | 0 |